The divine comedy
Tallennettuna:
| Päätekijä: | |
|---|---|
| Aineistotyyppi: | Kirja |
| Kieli: | englanti |
| Julkaistu: |
Boston
Houghton Mifflin
1867
|
| Sarja: | Classic Authors
|
| Aiheet: | |
| Tagit: |
Lisää tagi
Ei tageja, Lisää ensimmäinen tagi!
|
MARC
| LEADER | 00000nam a2200000 a 4500 | ||
|---|---|---|---|
| 001 | UCY7871 | ||
| 003 | CL-VaPUC | ||
| 005 | 20230123113357.0 | ||
| 008 | 950622e18670000US |||||||||||||||||eng|d | ||
| 999 | |c 235172 |d 235170 | ||
| 040 | |c Pontificia Universidad Católica de Valparaíso | ||
| 082 | 0 | 4 | |a 851 |b ALI |2 21 |
| 100 | |a Alighieri, Dante |e author |9 880060 | ||
| 245 | 1 | 4 | |a The divine comedy |
| 260 | |a Boston |b Houghton Mifflin |c 1867 | ||
| 300 | |a 760 p | ||
| 490 | 0 | |a Classic Authors | |
| 583 | |a last modification |c 19950622 00:00:00 |k Rodrigo Vera | ||
| 650 | 0 | |a Poesías italianas |9 265352 | |
| 942 | |c BK |2 ddc | ||
| 945 | |d 19950622 00:00:00 |a rbrito | ||
| 952 | |0 0 |1 0 |4 0 |6 851_000000000000000_ALI_1867 |7 0 |8 P |9 242390 |a BIBEDU |b BIBEDU |c BIBEDU_PB |d 2019-11-18 |i 3096238 |o 851 ALI 1867 |p 3096238 |r 2024-01-25 |w 2019-11-18 |y BK |k LIT | ||